Battles to Wars - Statistics

General Stats
  • This quiz has been taken 109 times
  • The average score is 13 of 25
Answer Stats
Hint Answer % Correct
Britain, Kursk, Midway, El-Alamein Second World War
92%
Somme, Tannenberg, Jutland, First Marne First World War
90%
Austerlitz, Waterloo, Trafalgar, Borodino Napoleonic
90%
Tet Offensive, Hamburger Hill, Operation Rolling Thunder, Khâm Đức Vietnam War
83%
Second Bull Run, Gettysburg, Antietam, Shiloh American Civil War
80%
Inchon, Imjin River, Heartbreak Ridge, Hill 282 Korean War
80%
Sevastopol, Balaclava, Inkerman, Petropavlovsk Crimean War
70%
Baghdad, Basra, First Fallujah, Nasiriyah Iraq War
69%
York, Baltimore, Bladensburg, Burning of Washington War of 1812
66%
Manila Bay, Guam, El Caney, San Juan Hill Spanish-American War
60%
Bosworth Field, Towton, Hexham, Barnet Wars of the Roses
52%
Crécy, Galicia, Agincourt, Rouen Hundred Years War
51%
Dasman Palace, Khafji, Wadi Al-Batin, Highway of Death Gulf War
48%
Edgehill, Naseby, Preston, Worcester English Civil War
45%
First Port Arthur, Yellow Sea, Tsushima, Sakhalin Russo-Japanese War
45%
Lake Trasimene, Numistro, Crotone, Cannae Second Punic War
41%
Rossbach, Lagos, Plassey, Quiberon Bay Seven Years War
36%
Goose Green, Mount Tumbledown, South Georgia, San Carlos Falklands War
35%
Blenheim, Vigo Bay, First Gibraltar, Lizard Point War of the Spanish Succession
28%
Chinese Farm, Ismailia, Sinai, Ofira Yom Kippur War
27%
Tolvajärvi, Suomussalmi, Honkaniemi, Kollaa Winter War
25%
Ulundi, Isandhlwana, Rorke's Drift, Eshowe Anglo-Zulu War
20%
Camulodunum, Londinium, Verulamium, Watling Street Boudicca's Rebellion
19%
Misrata, First Benghazi, Bani Walid, Zawiya Libyan Civil War
13%
Montevideo, Cerrito, Chacabuco,Picheuta Argentine War of Independence
4%
No matching quizzes found
Score Distribution
Percent of People with Each Score
Percentile by Number Answered
Your Score History
You have not taken this quiz